[Event "Top 12 2021"]
[Site "Chalons en Champagne, France"]
[Date "2021.07.03"]
[Round "10.28"]
[White "Jones, Gawain CHA"]
[Black "Tregubov, Pavel CLI."]
[Result "1-0"]
[WhiteElo "2677"]
[BlackElo "2557"]

1. e4 {[%clk 01:30:30]} {[%emt 00:00:29]} e5 {[%clk 01:30:51]} {[%emt
00:00:09]} 2. Nf3 {[%clk 01:30:53]} {[%emt 00:00:07]} Nf6 {[%clk 01:31:15]}
{[%emt 00:00:07]} 3. d4 {[%clk 01:31:07]} {[%emt 00:00:15]} Nxe4 {[%clk
01:31:14]} {[%emt 00:00:31]} 4. Bd3 {[%clk 01:31:31]} {[%emt 00:00:06]} d5
{[%clk 01:31:35]} {[%emt 00:00:09]} 5. Nxe5 {[%clk 01:31:54]} {[%emt 00:00:06]}
Nd7 {[%clk 01:31:52]} {[%emt 00:00:13]} 6. Nc3 {[%clk 01:32:13]} {[%emt
00:00:11]} Nxe5 {[%clk 01:31:47]} {[%emt 00:00:36]} 7. dxe5 {[%clk 01:32:37]}
{[%emt 00:00:06]} Nxc3 {[%clk 01:32:07]} {[%emt 00:00:10]} 8. bxc3 {[%clk
01:33:01]} {[%emt 00:00:05]} Bc5 {[%clk 01:32:03]} {[%emt 00:00:34]} 9. O-O
{[%clk 01:32:32]} {[%emt 00:00:59]} O-O {[%clk 01:28:17]} {[%emt 00:04:16]} 10.
Qh5 {[%clk 01:27:54]} {[%emt 00:05:08]} g6 {[%clk 01:27:59]} {[%emt 00:00:48]}
11. Qh6 {[%clk 01:28:12]} {[%emt 00:00:12]} Qe7 {[%clk 00:45:30]} {[%emt
00:42:59]} 12. Re1 {[%clk 01:05:19]} {[%emt 00:23:22]} f6 {[%clk 00:45:04]}
{[%emt 00:00:57]} 13. e6 {[%clk 01:05:05]} {[%emt 00:00:44]} Bxe6 {[%clk
00:38:19]} {[%emt 00:07:14]} 14. h4 {[%clk 00:36:47]} {[%emt 00:28:48]} Rfe8
{[%clk 00:32:52]} {[%emt 00:05:57]} 15. h5 {[%clk 00:34:53]} {[%emt 00:02:24]}
Qg7 {[%clk 00:32:37]} {[%emt 00:00:45]} 16. hxg6 {[%clk 00:34:36]} {[%emt
00:00:49]} Qxh6 {[%clk 00:32:40]} {[%emt 00:00:26]} 17. Bxh6 {[%clk 00:35:00]}
{[%emt 00:00:06]} hxg6 {[%clk 00:33:05]} {[%emt 00:00:05]} 18. Bxg6 {[%clk
00:35:18]} {[%emt 00:00:12]} Bf7 {[%clk 00:33:28]} {[%emt 00:00:07]} 19. Bf5
{[%clk 00:30:00]} {[%emt 00:05:48]} Bd6 {[%clk 00:26:59]} {[%emt 00:06:58]} 20.
Red1 {[%clk 00:28:21]} {[%emt 00:02:09]} Re5 {[%clk 00:19:29]} {[%emt
00:08:00]} 21. g4 {[%clk 00:28:16]} {[%emt 00:00:36]} Bc5 {[%clk 00:18:15]}
{[%emt 00:01:43]} 22. Rd2 {[%clk 00:23:24]} {[%emt 00:05:22]} Rae8 {[%clk
00:17:34]} {[%emt 00:01:12]} 23. Kf1 {[%clk 00:23:07]} {[%emt 00:00:46]} c6
{[%clk 00:17:02]} {[%emt 00:01:03]} 24. a4 {[%clk 00:21:24]} {[%emt 00:02:12]}
a5 {[%clk 00:16:06]} {[%emt 00:01:26]} 25. Rb1 {[%clk 00:21:42]} {[%emt
00:00:12]} R5e7 {[%clk 00:16:29]} {[%emt 00:00:07]} 26. Rd3 {[%clk 00:20:46]}
{[%emt 00:01:26]} Bd6 {[%clk 00:06:25]} {[%emt 00:10:34]} 27. Kg2 {[%clk
00:17:46]} {[%emt 00:03:31]} d4 {[%clk 00:03:17]} {[%emt 00:03:38]} 28. Rxd4
{[%clk 00:16:55]} {[%emt 00:01:21]} Bd5+ {[%clk 00:03:40]} {[%emt 00:00:06]} 29.
Rxd5 {[%clk 00:16:34]} {[%emt 00:00:52]} cxd5 {[%clk 00:04:03]} {[%emt
00:00:06]} 30. Rb5 {[%clk 00:16:55]} {[%emt 00:00:09]} Be5 {[%clk 00:02:05]}
{[%emt 00:02:28]} 31. Rxa5 {[%clk 00:15:23]} {[%emt 00:02:02]} Rd8 {[%clk
00:02:20]} {[%emt 00:00:15]} 32. Bd2 {[%clk 00:15:01]} {[%emt 00:00:53]} Kf7
{[%clk 00:02:17]} {[%emt 00:00:33]} 33. Rb5 {[%clk 00:14:18]} {[%emt 00:01:12]}
Rc7 {[%clk 00:01:12]} {[%emt 00:01:35]} 34. c4 {[%clk 00:13:14]} {[%emt
00:01:34]} Rxc4 {[%clk 00:00:39]} {[%emt 00:01:02]} 35. Rxb7+ {[%clk 00:13:29]}
{[%emt 00:00:16]} Rc7 {[%clk 00:01:03]} {[%emt 00:00:05]} 36. Rb5 {[%clk
00:13:34]} {[%emt 00:00:25]} Bc3 {[%clk 00:01:13]} {[%emt 00:00:20]} 37. Bxc3
{[%clk 00:08:57]} {[%emt 00:05:07]} Rxc3 {[%clk 00:01:39]} {[%emt 00:00:05]} 38.
Rb7+ {[%clk 00:09:23]} {[%emt 00:00:04]} Kf8 {[%clk 00:01:59]} {[%emt
00:00:09]} 39. Ra7 {[%clk 00:09:23]} {[%emt 00:00:30]} Re8 {[%clk 00:01:30]}
{[%emt 00:00:58]} 40. a5 {[%clk 00:38:58]} {[%emt 00:00:56]} Ra3 {[%clk
00:31:18]} {[%emt 00:00:43]} 41. Bg6 {[%clk 00:32:42]} {[%emt 00:06:46]} Re7
{[%clk 00:28:54]} {[%emt 00:02:53]} 42. Ra8+ {[%clk 00:32:19]} {[%emt
00:00:53]} Kg7 {[%clk 00:29:19]} {[%emt 00:00:05]} 43. Bd3 {[%clk 00:32:42]}
{[%emt 00:00:07]} Rc7 {[%clk 00:26:18]} {[%emt 00:03:31]} 44. a6 {[%clk
00:32:31]} {[%emt 00:00:42]} Kf7 {[%clk 00:24:03]} {[%emt 00:02:44]} 45. f3
{[%clk 00:28:37]} {[%emt 00:04:24]} Ke6 {[%clk 00:20:05]} {[%emt 00:04:29]} 46.
Kg3 {[%clk 00:28:10]} {[%emt 00:00:57]} Ra4 {[%clk 00:17:51]} {[%emt 00:02:43]}
47. Rh8 {[%clk 00:24:20]} {[%emt 00:04:20]} Rc3 {[%clk 00:13:00]} {[%emt
00:05:21]} 48. Re8+ {[%clk 00:19:58]} {[%emt 00:04:53]} Kf7 {[%clk 00:12:06]}
{[%emt 00:01:23]} 49. Rd8 {[%clk 00:20:09]} {[%emt 00:00:19]} Ke6 {[%clk
00:11:08]} {[%emt 00:01:29]} 50. Bf5+ {[%clk 00:20:05]} {[%emt 00:00:34]} Ke7
{[%clk 00:10:48]} {[%emt 00:00:49]} 51. Rd7+ {[%clk 00:20:22]} {[%emt
00:00:13]} Ke8 {[%clk 00:09:38]} {[%emt 00:01:40]} 52. Rd6 {[%clk 00:20:35]}
{[%emt 00:00:16]} Ke7 {[%clk 00:09:19]} {[%emt 00:00:50]} 53. Re6+ {[%clk
00:20:42]} {[%emt 00:00:23]} Kf7 {[%clk 00:09:42]} {[%emt 00:00:07]} 54. Rb6
{[%clk 00:21:04]} {[%emt 00:00:07]} Re3 {[%clk 00:04:04]} {[%emt 00:06:08]} 55.
Bd3 {[%clk 00:18:23]} {[%emt 00:03:08]} Re1 {[%clk 00:02:31]} {[%emt 00:02:06]}
56. Rd6 {[%clk 00:15:54]} {[%emt 00:02:59]} Ra5 {[%clk 00:02:27]} {[%emt
00:00:34]} 57. Rd8 {[%clk 00:12:16]} {[%emt 00:04:09]} Re7 {[%clk 00:01:54]}
{[%emt 00:01:02]} 58. Rh8 {[%clk 00:11:49]} {[%emt 00:00:58]} Ra1 {[%clk
00:01:23]} {[%emt 00:01:01]} 59. Rh7+ {[%clk 00:11:00]} {[%emt 00:01:19]} Kf8
{[%clk 00:01:12]} {[%emt 00:00:40]} 60. Rh5 {[%clk 00:10:43]} {[%emt 00:00:47]}
Ra5 {[%clk 00:01:09]} {[%emt 00:00:33]} 61. f4 {[%clk 00:09:43]} {[%emt
00:01:30]} Re1 {[%clk 00:00:39]} {[%emt 00:01:00]} 62. Kf3 {[%clk 00:08:44]}
{[%emt 00:01:29]} Rea1 {[%clk 00:00:51]} {[%emt 00:00:17]} 63. Ke3 {[%clk
00:07:34]} {[%emt 00:01:40]} R1a3 {[%clk 00:00:57]} {[%emt 00:00:24]} 64. Kd2
{[%clk 00:06:26]} {[%emt 00:01:37]} R3a4 {[%clk 00:01:00]} {[%emt 00:00:27]} 65.
Rf5 {[%clk 00:06:28]} {[%emt 00:00:28]} Ke7 {[%clk 00:01:08]} {[%emt 00:00:22]}
66. Ke2 {[%clk 00:05:01]} {[%emt 00:01:58]} Ke6 {[%clk 00:01:03]} {[%emt
00:00:35]} 67. g5 {[%clk 00:02:09]} {[%emt 00:03:22]} fxg5 {[%clk 00:01:27]}
{[%emt 00:00:05]} 68. fxg5 {[%clk 00:02:36]} {[%emt 00:00:03]} Rg4 {[%clk
00:01:24]} {[%emt 00:00:33]} 69. Kf3 {[%clk 00:03:00]} {[%emt 00:00:06]} Rg1
{[%clk 00:01:46]} {[%emt 00:00:08]} 70. Rf6+ {[%clk 00:02:17]} {[%emt
00:01:13]} Ke5 {[%clk 00:02:08]} {[%emt 00:00:08]} 71. Rg6 {[%clk 00:02:41]}
{[%emt 00:00:06]} Ra4 {[%clk 00:01:33]} {[%emt 00:01:05]} 72. Rg8 {[%clk
00:01:54]} {[%emt 00:01:18]} Rf4+ {[%clk 00:01:48]} {[%emt 00:00:14]} 73. Ke3
{[%clk 00:02:13]} {[%emt 00:00:09]} d4+ {[%clk 00:01:23]} {[%emt 00:00:56]} 74.
Kd2 {[%clk 00:02:36]} {[%emt 00:00:07]} Rf2+ {[%clk 00:01:46]} {[%emt
00:00:07]} 75. Be2 {[%clk 00:03:03]} {[%emt 00:00:03]} Ra1 {[%clk 00:01:43]}
{[%emt 00:00:34]} 76. Re8+ {[%clk 00:02:16]} {[%emt 00:01:17]} Kd6 {[%clk
00:01:49]} {[%emt 00:00:24]} 77. Rd8+ {[%clk 00:01:12]} {[%emt 00:01:34]} Ke5
{[%clk 00:01:29]} {[%emt 00:00:50]} 78. Ra8 {[%clk 00:01:28]} {[%emt 00:00:14]}
Rf7 {[%clk 00:00:56]} {[%emt 00:01:03]} 79. g6 {[%clk 00:01:38]} {[%emt
00:00:20]} Rg7 {[%clk 00:00:36]} {[%emt 00:00:49]} 80. Bd3 {[%clk 00:02:03]}
{[%emt 00:00:05]} Kf6 {[%clk 00:00:35]} {[%emt 00:00:31]} 81. Rf8+ {[%clk
00:01:51]} {[%emt 00:00:42]} Kg5 {[%clk 00:00:44]} {[%emt 00:00:21]} 82. Rf5+
{[%clk 00:00:49]} {[%emt 00:01:32]} Kh6 {[%clk 00:01:05]} {[%emt 00:00:09]} 83.
Rf4 {[%clk 00:00:51]} {[%emt 00:00:28]} Ra4 {[%clk 00:01:12]} {[%emt 00:00:22]}
84. Rh4+ {[%clk 00:00:51]} {[%emt 00:00:31]} Kg5 {[%clk 00:01:37]} {[%emt
00:00:06]} 85. Rh7 {[%clk 00:01:17]} {[%emt 00:00:04]} Kf6 {[%clk 00:01:47]}
{[%emt 00:00:20]} 86. Ke2 {[%clk 00:01:04]} {[%emt 00:00:43]} Rxh7 {[%clk
00:00:43]} {[%emt 00:01:34]} 87. gxh7 {[%clk 00:01:32]} {[%emt 00:00:02]} Kg7
{[%clk 00:01:12]} 88. Kf3 {[%clk 00:01:02]} {[%emt 00:01:00]} Ra5 {[%clk
00:01:31]} {[%emt 00:00:11]} 89. Kf4 {[%clk 00:01:23]} {[%emt 00:00:09]} Kh8
{[%clk 00:01:55]} {[%emt 00:00:06]} 90. Ke4 {[%clk 00:01:13]} {[%emt 00:00:40]}
Kxh7 {[%clk 00:02:18]} {[%emt 00:00:07]} 91. Kxd4+ {[%clk 00:01:40]} {[%emt
00:00:04]} Kg7 {[%clk 00:02:43]} {[%emt 00:00:05]} 92. Kc3 {[%clk 00:02:05]}
{[%emt 00:00:04]} Kf6 {[%clk 00:02:54]} {[%emt 00:00:19]} 93. Kb4 {[%clk
00:02:30]} {[%emt 00:00:05]} Ra1 {[%clk 00:03:15]} {[%emt 00:00:08]} 94. Bb5
{[%clk 00:01:09]} {[%emt 00:01:52]} Ke5 {[%clk 00:01:27]} {[%emt 00:02:19]} 95.
Ba4 {[%clk 00:01:29]} {[%emt 00:00:09]} Rb1+ {[%clk 00:01:40]} {[%emt
00:00:18]} 96. Ka5 {[%clk 00:01:44]} {[%emt 00:00:16]} Ke4 {[%emt 00:01:04]}
1-0

[Event "Top 12 2021"]
[Site "Chalons en Champagne, France"]
[Date "2021.07.03"]
[Round "10.29"]
[White "Kosteniuk, Alexandra CLI"]
[Black "David, Alberto CHA"]
[Result "1/2-1/2"]
[WhiteElo "2472"]
[BlackElo "2527"]

1. e4 {[%clk 01:30:56]} {[%emt 00:00:03]} c5 {[%clk 01:30:52]} {[%emt
00:00:08]} 2. Nf3 {[%clk 01:31:20]} {[%emt 00:00:06]} e6 {[%clk 01:31:16]}
{[%emt 00:00:06]} 3. d4 {[%clk 01:31:45]} {[%emt 00:00:05]} cxd4 {[%clk
01:31:40]} {[%emt 00:00:06]} 4. Nxd4 {[%clk 01:32:12]} {[%emt 00:00:04]} Nc6
{[%clk 01:31:55]} {[%emt 00:00:14]} 5. Nc3 {[%clk 01:32:30]} {[%emt 00:00:13]}
Qc7 {[%clk 01:31:43]} {[%emt 00:00:42]} 6. f4 {[%clk 01:28:49]} {[%emt
00:04:10]} a6 {[%clk 01:31:28]} {[%emt 00:00:45]} 7. Be3 {[%clk 01:19:07]}
{[%emt 00:10:12]} b5 {[%clk 01:30:28]} {[%emt 00:01:30]} 8. Nb3 {[%clk
01:13:39]} {[%emt 00:05:58]} d6 {[%clk 01:25:50]} {[%emt 00:05:08]} 9. Qf3
{[%clk 01:05:54]} {[%emt 00:08:15]} Nf6 {[%clk 01:21:31]} {[%emt 00:04:50]} 10.
g4 {[%clk 00:59:39]} {[%emt 00:06:46]} Bb7 {[%clk 01:09:12]} {[%emt 00:12:49]}
11. g5 {[%clk 00:53:54]} {[%emt 00:06:15]} Nd7 {[%clk 01:09:30]} {[%emt
00:00:12]} 12. a3 {[%clk 00:46:28]} {[%emt 00:07:57]} Rc8 {[%clk 01:03:59]}
{[%emt 00:06:00]} 13. Qf2 {[%clk 00:42:11]} {[%emt 00:04:47]} Na5 {[%clk
00:55:50]} {[%emt 00:08:39]} 14. Nd2 {[%clk 00:42:04]} {[%emt 00:00:37]} g6
{[%clk 00:49:17]} {[%emt 00:07:04]} 15. Bg2 {[%clk 00:32:42]} {[%emt 00:09:51]}
Bg7 {[%clk 00:45:26]} {[%emt 00:04:21]} 16. O-O {[%clk 00:29:57]} {[%emt
00:03:15]} O-O {[%clk 00:45:06]} {[%emt 00:00:49]} 17. Bd4 {[%clk 00:21:44]}
{[%emt 00:08:43]} Bxd4 {[%clk 00:41:16]} {[%emt 00:04:21]} 18. Qxd4 {[%clk
00:22:12]} {[%emt 00:00:03]} Qb6 {[%clk 00:41:08]} {[%emt 00:00:37]} 19. Qf2
{[%clk 00:21:20]} {[%emt 00:01:22]} Qxf2+ {[%clk 00:38:25]} {[%emt 00:03:13]}
20. Rxf2 {[%clk 00:21:43]} {[%emt 00:00:08]} Nb6 {[%clk 00:38:32]} {[%emt
00:00:23]} 21. Bf1 {[%clk 00:14:13]} {[%emt 00:08:00]} h6 {[%clk 00:25:44]}
{[%emt 00:13:18]} 22. h4 {[%clk 00:12:40]} {[%emt 00:02:03]} hxg5 {[%clk
00:25:46]} {[%emt 00:00:28]} 23. hxg5 {[%clk 00:13:07]} {[%emt 00:00:03]} Nac4
{[%clk 00:25:37]} {[%emt 00:00:39]} 24. Nxc4 {[%clk 00:13:03]} {[%emt
00:00:34]} Nxc4 {[%clk 00:26:02]} {[%emt 00:00:05]} 25. Bxc4 {[%clk 00:12:38]}
{[%emt 00:00:55]} Rxc4 {[%clk 00:26:27]} {[%emt 00:00:05]} 26. Rd1 {[%clk
00:09:49]} {[%emt 00:03:19]} Rfc8 {[%clk 00:18:17]} {[%emt 00:08:41]} 27. Rxd6
{[%clk 00:07:23]} {[%emt 00:02:57]} b4 {[%clk 00:18:42]} {[%emt 00:00:05]} 28.
Rb6 {[%clk 00:05:48]} {[%emt 00:02:05]} bxc3 {[%clk 00:18:54]} {[%emt
00:00:18]} 29. Rxb7 {[%clk 00:06:15]} {[%emt 00:00:03]} cxb2 {[%clk 00:15:46]}
{[%emt 00:03:37]} 30. Rxb2 {[%clk 00:06:41]} {[%emt 00:00:04]} Rxe4 {[%clk
00:16:12]} {[%emt 00:00:04]} 31. Kg2 {[%clk 00:04:47]} {[%emt 00:02:25]} Rcc4
{[%clk 00:05:39]} {[%emt 00:11:03]} 32. Kg3 {[%clk 00:04:07]} {[%emt 00:01:11]}
Kg7 {[%clk 00:04:42]} {[%emt 00:01:27]} 33. Rb3 {[%clk 00:02:26]} {[%emt
00:02:11]} a5 {[%clk 00:02:48]} {[%emt 00:02:24]} 34. Rbf3 {[%clk 00:02:28]}
{[%emt 00:00:27]} a4 {[%clk 00:03:12]} {[%emt 00:00:06]} 35. Kg2 {[%clk
00:01:26]} {[%emt 00:01:32]} Re1 {[%clk 00:03:27]} {[%emt 00:00:15]} 36. Rd3
{[%clk 00:00:53]} {[%emt 00:01:03]} Rc1 {[%clk 00:03:36]} {[%emt 00:00:21]} 37.
Kf3 {[%clk 00:01:00]} {[%emt 00:00:22]} Kf8 {[%clk 00:01:08]} {[%emt 00:02:58]}
38. Rd8+ {[%clk 00:01:03]} {[%emt 00:00:28]} Kg7 {[%clk 00:00:32]} {[%emt
00:01:07]} 39. Rh2 {[%clk 00:00:38]} {[%emt 00:00:54]} Rc3+ {[%clk 00:00:37]}
{[%emt 00:00:25]} 40. Ke4 {[%clk 00:30:55]} {[%emt 00:00:13]} R3xc2 {[%clk
00:30:37]} {[%emt 00:00:30]} 41. Rhh8 {[%clk 00:27:04]} {[%emt 00:04:20]} Rc4+
{[%clk 00:30:29]} {[%emt 00:00:37]} 42. Kd3 {[%clk 00:27:16]} {[%emt 00:00:18]}
R4c3+ {[%clk 00:29:55]} {[%emt 00:01:04]} 43. Kd4 {[%clk 00:26:40]} {[%emt
00:01:06]} Rc4+ {[%clk 00:30:19]} {[%emt 00:00:06]} 1/2-1/2

[Event "Top 12 2021"]
[Site "Chalons en Champagne, France"]
[Date "2021.07.03"]
[Round "10.30"]
[White "Fedorchuk, Sergey CHA"]
[Black "Delorme, Axel CLI"]
[Result "1-0"]
[WhiteElo "2616"]
[BlackElo "2480"]

1. e4 {[%clk 01:30:53]} {[%emt 00:00:06]} e5 {[%clk 01:30:51]} {[%emt
00:00:10]} 2. Nf3 {[%clk 01:30:54]} {[%emt 00:00:29]} Nc6 {[%clk 01:31:17]}
{[%emt 00:00:03]} 3. Bb5 {[%clk 01:30:48]} {[%emt 00:00:36]} a6 {[%clk
01:31:35]} {[%emt 00:00:13]} 4. Ba4 {[%clk 01:30:50]} {[%emt 00:00:27]} Nf6
{[%clk 01:32:00]} {[%emt 00:00:05]} 5. O-O {[%clk 01:29:55]} {[%emt 00:01:25]}
Be7 {[%clk 01:32:11]} {[%emt 00:00:19]} 6. Re1 {[%clk 01:28:00]} {[%emt
00:02:25]} b5 {[%clk 01:32:23]} {[%emt 00:00:18]} 7. Bb3 {[%clk 01:28:18]}
{[%emt 00:00:13]} d6 {[%clk 01:32:32]} {[%emt 00:00:20]} 8. c3 {[%clk
01:28:02]} {[%emt 00:00:45]} O-O {[%clk 01:32:41]} {[%emt 00:00:21]} 9. h3
{[%clk 01:25:53]} {[%emt 00:02:40]} Be6 {[%clk 01:31:02]} {[%emt 00:02:09]} 10.
d4 {[%clk 01:09:07]} {[%emt 00:17:16]} Bxb3 {[%clk 01:30:58]} {[%emt 00:00:34]}
11. Qxb3 {[%clk 01:06:53]} {[%emt 00:02:43]} Qb8 {[%clk 01:30:00]} {[%emt
00:01:28]} 12. Be3 {[%clk 00:55:57]} {[%emt 00:11:27]} Na5 {[%clk 01:28:04]}
{[%emt 00:02:25]} 13. Qc2 {[%clk 00:53:57]} {[%emt 00:02:30]} Nc4 {[%clk
01:27:23]} {[%emt 00:01:11]} 14. Bc1 {[%clk 00:51:44]} {[%emt 00:02:43]} c6
{[%clk 01:26:06]} {[%emt 00:01:48]} 15. b3 {[%clk 00:48:08]} {[%emt 00:04:05]}
Nb6 {[%clk 01:22:21]} {[%emt 00:04:14]} 16. Bb2 {[%clk 00:47:10]} {[%emt
00:01:29]} Nfd7 {[%clk 01:12:35]} {[%emt 00:10:16]} 17. Nbd2 {[%clk 00:43:44]}
{[%emt 00:03:56]} Re8 {[%clk 00:45:00]} {[%emt 00:28:05]} 18. c4 {[%clk
00:40:01]} {[%emt 00:04:12]} Bf8 {[%clk 00:44:48]} {[%emt 00:00:43]} 19. a4
{[%clk 00:34:05]} {[%emt 00:06:25]} bxa4 {[%clk 00:41:01]} {[%emt 00:04:17]} 20.
bxa4 {[%clk 00:34:14]} {[%emt 00:00:21]} exd4 {[%clk 00:39:48]} {[%emt
00:01:43]} 21. Bxd4 {[%clk 00:28:06]} {[%emt 00:06:37]} a5 {[%clk 00:36:19]}
{[%emt 00:04:00]} 22. Re3 {[%clk 00:19:27]} {[%emt 00:09:09]} Qd8 {[%clk
00:22:55]} {[%emt 00:13:53]} 23. Rb1 {[%clk 00:15:54]} {[%emt 00:04:04]} g6
{[%clk 00:18:46]} {[%emt 00:04:39]} 24. Rd3 {[%clk 00:11:37]} {[%emt 00:04:46]}
Qc7 {[%clk 00:16:29]} {[%emt 00:02:47]} 25. Rdb3 {[%clk 00:10:48]} {[%emt
00:01:19]} Reb8 {[%clk 00:07:34]} {[%emt 00:09:25]} 26. Nh2 {[%clk 00:05:58]}
{[%emt 00:05:20]} Bg7 {[%clk 00:06:28]} {[%emt 00:01:36]} 27. Bxg7 {[%clk
00:04:39]} {[%emt 00:01:49]} Kxg7 {[%clk 00:06:54]} {[%emt 00:00:05]} 28. Ng4
{[%clk 00:04:47]} {[%emt 00:00:22]} f6 {[%clk 00:05:39]} {[%emt 00:01:45]} 29.
Nf3 {[%clk 00:02:16]} {[%emt 00:03:00]} h5 {[%clk 00:02:34]} {[%emt 00:03:35]}
30. Nd4 {[%clk 00:02:36]} {[%emt 00:00:09]} Re8 {[%clk 00:01:04]} {[%emt
00:02:01]} 31. Ne3 {[%clk 00:01:33]} {[%emt 00:01:33]} Kf7 {[%clk 00:00:45]}
{[%emt 00:00:49]} 32. f4 {[%clk 00:01:19]} {[%emt 00:00:44]} Ra7 {[%clk
00:00:43]} {[%emt 00:00:32]} 33. f5 {[%clk 00:01:32]} {[%emt 00:00:18]} g5
{[%clk 00:00:37]} {[%emt 00:00:35]} 34. Qd1 {[%clk 00:01:04]} {[%emt 00:00:57]}
Rh8 {[%clk 00:00:35]} {[%emt 00:00:32]} 35. Ne6 {[%clk 00:01:16]} {[%emt
00:00:17]} Qb8 {[%clk 00:00:57]} {[%emt 00:00:09]} 36. c5 {[%clk 00:01:16]}
{[%emt 00:00:30]} 1-0

[Event "Top 12 2021"]
[Site "Chalons en Champagne, France"]
[Date "2021.07.03"]
[Round "10.31"]
[White "Hamdouchi, Hicham CLI"]
[Black "Velten, Paul CHA"]
[Result "1/2-1/2"]
[WhiteElo "2561"]
[BlackElo "2482"]

1. e4 {[%clk 01:30:56]} {[%emt 00:00:03]} e6 {[%clk 01:30:14]} {[%emt
00:00:45]} 2. d4 {[%clk 01:30:45]} {[%emt 00:00:42]} d5 {[%clk 01:29:55]}
{[%emt 00:00:48]} 3. Nd2 {[%clk 01:31:04]} {[%emt 00:00:12]} dxe4 {[%clk
01:22:11]} {[%emt 00:08:14]} 4. Nxe4 {[%clk 01:31:23]} {[%emt 00:00:10]} Bd7
{[%clk 01:21:55]} {[%emt 00:00:47]} 5. Nf3 {[%clk 01:29:37]} {[%emt 00:02:15]}
Bc6 {[%clk 01:21:29]} {[%emt 00:00:56]} 6. Bd3 {[%clk 01:29:52]} {[%emt
00:00:16]} Nd7 {[%clk 01:21:18]} {[%emt 00:00:40]} 7. O-O {[%clk 01:28:43]}
{[%emt 00:01:39]} Ngf6 {[%clk 01:19:51]} {[%emt 00:01:57]} 8. Ned2 {[%clk
01:26:00]} {[%emt 00:03:14]} Bd6 {[%clk 01:17:05]} {[%emt 00:03:14]} 9. Nc4
{[%clk 01:22:23]} {[%emt 00:04:08]} O-O {[%clk 01:10:07]} {[%emt 00:07:29]} 10.
Na5 {[%clk 01:21:07]} {[%emt 00:01:46]} Rb8 {[%clk 01:10:20]} {[%emt 00:00:17]}
11. Nxc6 {[%clk 01:17:54]} {[%emt 00:03:42]} bxc6 {[%clk 01:10:35]} {[%emt
00:00:14]} 12. c3 {[%clk 01:14:20]} {[%emt 00:04:04]} c5 {[%clk 01:08:17]}
{[%emt 00:02:48]} 13. Re1 {[%clk 01:09:52]} {[%emt 00:04:58]} cxd4 {[%clk
00:59:47]} {[%emt 00:09:01]} 14. Nxd4 {[%clk 01:09:52]} {[%emt 00:00:29]} Ne5
{[%clk 00:59:49]} {[%emt 00:00:28]} 15. Bf1 {[%clk 00:53:15]} {[%emt 00:17:07]}
Qd7 {[%clk 00:46:32]} {[%emt 00:13:47]} 16. a4 {[%clk 00:47:35]} {[%emt
00:06:10]} c6 {[%clk 00:41:55]} {[%emt 00:05:07]} 17. b4 {[%clk 00:37:47]}
{[%emt 00:10:18]} Neg4 {[%clk 00:27:20]} {[%emt 00:15:05]} 18. g3 {[%clk
00:27:16]} {[%emt 00:11:00]} e5 {[%clk 00:27:05]} {[%emt 00:00:45]} 19. Nb3
{[%clk 00:23:33]} {[%emt 00:04:14]} e4 {[%clk 00:26:39]} {[%emt 00:00:55]} 20.
Bg2 {[%clk 00:21:50]} {[%emt 00:02:13]} Rbd8 {[%clk 00:23:26]} {[%emt
00:03:43]} 21. Bf4 {[%clk 00:14:31]} {[%emt 00:07:49]} Qe6 {[%clk 00:13:45]}
{[%emt 00:10:11]} 22. Bxd6 {[%clk 00:11:33]} {[%emt 00:03:29]} Rxd6 {[%clk
00:14:01]} {[%emt 00:00:14]} 23. Qc2 {[%clk 00:11:49]} {[%emt 00:00:14]} e3
{[%clk 00:13:18]} {[%emt 00:01:13]} 24. f3 {[%clk 00:09:57]} {[%emt 00:02:21]}
Nh6 {[%clk 00:13:27]} {[%emt 00:00:22]} 25. Nd4 {[%clk 00:09:17]} {[%emt
00:01:09]} Qe7 {[%clk 00:10:50]} {[%emt 00:03:07]} 26. Rad1 {[%clk 00:07:22]}
{[%emt 00:02:25]} a5 {[%clk 00:05:18]} {[%emt 00:06:02]} 27. b5 {[%clk
00:05:57]} {[%emt 00:01:55]} cxb5 {[%clk 00:05:27]} {[%emt 00:00:21]} 28. axb5
{[%clk 00:06:25]} {[%emt 00:00:02]} Qe5 {[%clk 00:05:13]} {[%emt 00:00:45]} 29.
Rd3 {[%clk 00:04:43]} {[%emt 00:02:11]} Nf5 {[%clk 00:04:18]} {[%emt 00:01:25]}
30. Nxf5 {[%clk 00:03:17]} {[%emt 00:01:55]} Qxf5 {[%clk 00:04:46]} {[%emt
00:00:03]} 31. Rexe3 {[%clk 00:03:38]} {[%emt 00:00:09]} Qc5 {[%clk 00:04:26]}
{[%emt 00:00:50]} 32. Kh1 {[%clk 00:02:32]} {[%emt 00:01:36]} Rb6 {[%clk
00:04:45]} {[%emt 00:00:11]} 33. h3 {[%clk 00:02:16]} {[%emt 00:00:46]} Rxb5
{[%clk 00:03:43]} {[%emt 00:01:32]} 34. f4 {[%clk 00:01:41]} {[%emt 00:01:05]}
Qc7 {[%clk 00:03:36]} {[%emt 00:00:38]} 35. Kh2 {[%clk 00:01:44]} {[%emt
00:00:27]} h5 {[%clk 00:03:54]} {[%emt 00:00:11]} 36. Qe2 {[%clk 00:01:48]}
{[%emt 00:00:26]} h4 {[%clk 00:03:30]} {[%emt 00:00:54]} 37. Re5 {[%clk
00:01:49]} {[%emt 00:00:29]} hxg3+ {[%clk 00:02:57]} {[%emt 00:01:04]} 38. Rxg3
{[%clk 00:01:38]} {[%emt 00:00:40]} Rc5 {[%emt 00:03:21]} 39. Rxc5 Qxc5 40. Qe5
{[%emt 00:00:01]} Qxe5 41. fxe5 Nd7 42. Rd3 {[%emt 00:00:02]} 1/2-1/2